000 00569cam a22002291 4500
001 sa 68006645
003 DLC
005 20260227112517.0
008 950308s1966 ii 000 0 tamo
010 _asa 68006645
025 _aPL480:I-T-2065
035 _a(OCoLC)32111064
040 _aDLC
_cCU
_dCU
_dDLC
042 _apremarc
050 0 0 _aPL4751
_b.K3
100 1 _aKaṇapatippiḷḷai, Ten̲pulōliyūr M.
245 1 0 _aVān̲mīkiyar Tamil̲arē
260 _c[1966]
300 _a80 p.
_c19 cm.
500 _aIn Tamil.
650 0 _aTamil philology.
999 _c81416
_d81416